000 01195cam a22002295a 4500
001 L157225
008 110809s2011 xxk f 000 0 eng d
020 _a9780203892381
035 _a(Sirsi) u157225
041 0 _aeng
110 2 _aTijhuis, Wilco
245 0 0 _aCulture in international construction
_h[electronic resource]
260 _bRoutledge Ltd
_c2011
300 _aeBook
520 _aThis new work presents up-to-date theory and practical guidance, identifying situations in which cultural differences present challenges. A focus on "critical incidents", demonstrated in a range of case studies will help readers to foresee such situations in their own projects and processes, and so improve strategic and operational decision-making in construction collaborations. Detailed examples are taken from the Netherlands, Germany, Poland, Turkey, the UAE, and China, to explore a variety of problems in very different economic and cultural surroundings.
590 _aKA NTK
650 2 4 _aEBOOK
651 4 _aINTERNATIONAL
690 _aBUILT ENVIRONMENT
856 4 0 _uhttps://www.vlebooks.com/
_zView on VLEbooks. Logins for members only from [email protected]
942 _n0
999 _c114659
_d114659